Академия Наук СССР. Краткий исторический очерк: в 2 т.

Podrobná bibliografie
Hlavní autor: Комков Г. Д. Геннадий Данилович
Korporativní autor: Академия наук СССР (АН СССР) Архив
Další autoři: Левшин Б. В. Борис Венедиктович, Семенов Л. К. Лев Константинович
Jazyk:ruština
Vydáno: Москва, Наука, 1977
Vydání:2-е изд., перераб. и доп.
Médium: MixedMaterials Kniha
KOHA link:https://koha.lib.tpu.ru/cgi-bin/koha/opac-detail.pl?biblionumber=313858

MARC

LEADER 00000nam1a2200000 4500
001 313858
005 20231101014229.0
035 |a (RuTPU)RU\TPU\book\339249 
090 |a 313858 
100 |a 20160204d1977 k y0rusy50 ca 
101 0 |a rus 
102 |a RU 
200 1 |a Академия Наук СССР. Краткий исторический очерк  |e в 2 т.  |f Г. Д. Комков, Б. В. Левшин, Л. К. Семенов  |g Академия наук СССР (АН СССР), Архив 
205 |a 2-е изд., перераб. и доп. 
210 |a Москва  |c Наука  |d 1977 
700 1 |a Комков  |b Г. Д.  |g Геннадий Данилович 
701 1 |a Левшин  |b Б. В.  |g Борис Венедиктович 
701 1 |a Семенов  |b Л. К.  |g Лев Константинович 
712 0 2 |a Академия наук СССР (АН СССР)  |b Архив  |c (Москва, Ленинград)  |2 stltpush  |3 (RuTPU)RU\TPU\col\5501 
801 1 |a RU  |b 63413507  |c 20160204 
801 2 |a RU  |b 63413507  |c 20180605  |g RCR 
942 |c BK